[Event "Marburg op-A"]
[Site "Marburg"]
[Date "2023.10.29"]
[Round "7"]
[White "Nagel, Matthias"]
[Black "Meyner, Hannes"]
[Result "0-1"]
[WhiteElo "1850"]
[BlackElo "2137"]
[PlyCount "26"]
[EventDate "2023.10.26"]
[EventType "swiss"]
[EventRounds "7"]
[EventCountry "GER"]
[SourceTitle "CB49_2023"]
[SourceDate "2023.12.06"]
[SourceVersion "1"]
[SourceVersionDate "2023.12.06"]
[SourceQuality "1"]

1. d4 Nf6 2. Nc3 d5 3. Bf4 e6 4. Nb5 Na6 5. e3 c6 6. Nc3 Qb6 7. Na4 Qa5+ 8. c3 b5 9. Nc5 Nxc5 10. b4 Qa3 11. bxc5 Qxc3+ 12. Ke2 Qb2+ 13. Kf3 e5 0-1

[Event "Marburg op-A"]
[Site "Marburg"]
[Date "2023.10.26"]
[Round "1"]
[White "Wiktorczyk, Michel"]
[Black "Meyner, Hannes"]
[Result "0-1"]
[WhiteElo "1837"]
[BlackElo "2137"]
[PlyCount "120"]
[EventDate "2023.10.26"]
[EventType "swiss"]
[EventRounds "7"]
[EventCountry "GER"]
[SourceTitle "CB49_2023"]
[SourceDate "2023.12.06"]
[SourceVersion "1"]
[SourceVersionDate "2023.12.06"]
[SourceQuality "1"]

1. e4 e5 2. Nf3 Nc6 3. Bc4 Bc5 4. c3 Nf6 5. d4 exd4 6. cxd4 Bb4+ 7. Bd2 Nxe4 8. Bxb4 Nxb4 9. Bxf7+ Kxf7 10. Qb3+ Kf8 11. Qxb4+ Qe7 12. Qa3 Nf6+ 13. Qxe7+ Kxe7 14. 0-0 d6 15. Nc3 Bg4 16. Rfe1+ Kd7 17. Nd2 Rhe8 18. f3 Be6 19. Nde4 Nd5 20. Ng5 Bg8 21. Nxd5 Bxd5 22. b3 h6 23. Ne4 Bxe4 24. fxe4 Re7 25. Re3 Rae8 26. Rae1 c5 27. dxc5 dxc5 28. h4 Kc6 29. Rg3 Kb5 30. e5 b6 31. a4+ Ka5 32. Rd1 a6 33. Rd6 Rxe5 34. Rgg6 Rb8 35. Rxg7 Re3 36. Rxh6 Rxb3 37. h5 Rc8 38. Rhg6 c4 39. Rg8 Rc5 40. h6 c3 41. h7 c2 42. h8Q c1Q+ 43. Kh2 Qf4+ 44. Rg3 Rxg3 45. Rxg3 Rc6 46. Qg7 Rh6+ 47. Kg1 Qc1+ 48. Kf2 Qc5+ 49. Kf3 Qf5+ 50. Ke2 Re6+ 51. Re3 Qc2+ 52. Kf3 Qd1+ 53. Kf4 Qd6+ 54. Re5+ b5 55. g4 Rf6+ 56. Ke4 Qc6+ 57. Ke3 Qc3+ 58. Ke4 Qf3+ 59. Kd4 Rd6+ 60. Kc5 Qc6# 0-1

[Event "Vellmar op 11th"]
[Site "Vellmar"]
[Date "2019.07.07"]
[Round "7"]
[White "Ziegenfuss, Antonia"]
[Black "Meyner, Hannes"]
[Result "1-0"]
[WhiteElo "2063"]
[BlackElo "2213"]
[PlyCount "161"]
[EventDate "2019.07.04"]
[EventType "swiss"]
[EventRounds "7"]
[EventCountry "GER"]
[SourceTitle "CBM 191 Extra"]
[Source "ChessBase"]
[SourceDate "2019.09.30"]
[SourceVersion "1"]
[SourceVersionDate "2019.09.30"]
[SourceQuality "1"]

1. d4 d5 2. c4 e6 3. Nc3 Bb4 4. cxd5 exd5 5. a3 Bxc3+ 6. bxc3 c5 7. e3 Nf6 8. Bd3 0-0 9. Ne2 b6 10. 0-0 Ba6 11. f3 Bxd3 12. Qxd3 Re8 13. Ng3 Nc6 14. Ra2 Rc8 15. Rd2 h5 16. Rdd1 Rc7 17. Rfe1 Rd7 18. Re2 Re6 19. Bd2 Ne7 20. Be1 h4 21. Nh1 Ng6 22. Nf2 Qe7 23. Nh3 c4 24. Qc2 Rxe3 25. Rxe3 Qxe3+ 26. Bf2 Qe8 27. a4 Re7 28. Kf1 Qd7 29. Ra1 Ne8 30. Qd2 Qf5 31. Rc1 Nd6 32. Qg5 Qxg5 33. Nxg5 Nf5 34. Nh3 Kf8 35. Rb1 Nd6 36. Ng1 Ke8 37. Ne2 Kd7 38. a5 b5 39. Nc1 h3 40. g3 Re8 41. Na2 Ne7 42. Nb4 Nb7 43. a6 Nd8 44. g4 Ndc6 45. Nc2 Rb8 46. Be1 Na5 47. Nb4 Nb3 48. Rb2 Rb6 49. Bh4 f6 50. f4 Re6 51. Kf2 Re4 52. Kf3 Re6 53. f5 Rb6 54. Re2 Rb8 55. Rxe7+ Kxe7 56. Nc6+ Kd7 57. Nxb8+ Kc7 58. Bg3+ Kb6 59. Bf4 b4 60. cxb4 Nxd4+ 61. Ke3 Nc2+ 62. Kd2 Nxb4 63. Nd7+ Kc6 64. Nxf6 gxf6 65. g5 fxg5 66. f6 Kd7 67. f7 Ke7 68. Bd6+ Kxf7 69. Bxb4 g4 70. Bd6 Ke6 71. Bb8 g3 72. Bxg3 Kd7 73. Kc3 Kc6 74. Bf2 Kb5 75. Bxa7 Kxa6 76. Be3 Kb5 77. Kd4 Kb4 78. Kxd5 c3 79. Kd4 Kb3 80. Kd3 c2 81. Bc1 1-0

[Event "Vellmar op 11th"]
[Site "Vellmar"]
[Date "2019.07.06"]
[Round "5"]
[White "Meyner, Hannes"]
[Black "Pfitzenreuter, Gerald"]
[Result "1-0"]
[WhiteElo "2213"]
[BlackElo "2049"]
[PlyCount "83"]
[EventDate "2019.07.04"]
[EventType "swiss"]
[EventRounds "7"]
[EventCountry "GER"]
[SourceTitle "CBM 191 Extra"]
[Source "ChessBase"]
[SourceDate "2019.09.30"]
[SourceVersion "1"]
[SourceVersionDate "2019.09.30"]
[SourceQuality "1"]

1. d4 d5 2. Bf4 Nf6 3. e3 e6 4. Nd2 c5 5. Ngf3 Bd6 6. Bg3 Qc7 7. dxc5 Bxg3 8. hxg3 Qxc5 9. c4 Nc6 10. Rc1 Qe7 11. cxd5 exd5 12. Bb5 Bd7 13. 0-0 0-0 14. Nb3 Rfc8 15. Bxc6 Rxc6 16. Rxc6 bxc6 17. Qd4 Ne4 18. Rc1 Be8 19. Nc5 Nxc5 20. Rxc5 Rb8 21. b3 f6 22. Ra5 Rb7 23. Rc5 Rb6 24. Ra5 Rb7 25. Qc5 Qxc5 26. Rxc5 Kf7 27. Nd4 Rc7 28. b4 Ke7 29. Kf1 g6 30. Ke1 Kd6 31. Kd2 Rb7 32. a3 Rb6 33. Nb3 Ra6 34. Na5 Rb6 35. Kd3 Bd7 36. Kd4 Be8 37. Rc1 Bd7 38. Rh1 h5 39. f3 Rb8 40. Rc1 Rb6 41. e4 dxe4 42. Nc4+ 1-0

[Event "Vellmar op 11th"]
[Site "Vellmar"]
[Date "2019.07.06"]
[Round "4"]
[White "Wuestehube, Harry"]
[Black "Meyner, Hannes"]
[Result "0-1"]
[WhiteElo "1887"]
[BlackElo "2213"]
[PlyCount "84"]
[EventDate "2019.07.04"]
[EventType "swiss"]
[EventRounds "7"]
[EventCountry "GER"]
[SourceTitle "CBM 191 Extra"]
[Source "ChessBase"]
[SourceDate "2019.09.30"]
[SourceVersion "1"]
[SourceVersionDate "2019.09.30"]
[SourceQuality "1"]

1. e4 c5 2. Nc3 e6 3. f4 d5 4. Bb5+ Bd7 5. Bxd7+ Qxd7 6. d3 Nc6 7. Nf3 dxe4 8. Nxe4 Be7 9. 0-0 Nf6 10. Qe2 0-0 11. c3 Rfd8 12. Nf2 Qc7 13. Ne5 Bd6 14. Nxc6 Qxc6 15. Ne4 Be7 16. Nxf6+ Bxf6 17. f5 e5 18. Be3 Rd7 19. Rad1 Rad8 20. Rd2 Rd5 21. Rfd1 b6 22. a3 Qd7 23. g4 Qe7 24. Qf3 Bg5 25. Bxg5 Qxg5 26. Qe4 h5 27. h3 Qh4 28. Kg2 R5d6 29. Qe3 hxg4 30. Qg3 gxh3+ 31. Qxh3 Qxh3+ 32. Kxh3 c4 33. d4 exd4 34. cxd4 Rd5 35. Kg4 Kf8 36. Kf4 Ke7 37. Ke4 Kf6 38. Rf1 b5 39. Rff2 a6 40. Rf1 R5d6 41. d5 Re8+ 42. Kd4 Rxd5+ 0-1

[Event "Vellmar op 11th"]
[Site "Vellmar"]
[Date "2019.07.05"]
[Round "3"]
[White "Meyner, Hannes"]
[Black "Toepfer, Albrecht"]
[Result "0-1"]
[WhiteElo "2213"]
[BlackElo "2043"]
[PlyCount "90"]
[EventDate "2019.07.04"]
[EventType "swiss"]
[EventRounds "7"]
[EventCountry "GER"]
[SourceTitle "CBM 191 Extra"]
[Source "ChessBase"]
[SourceDate "2019.09.30"]
[SourceVersion "1"]
[SourceVersionDate "2019.09.30"]
[SourceQuality "1"]

1. d4 Nf6 2. Bf4 g6 3. Nc3 Bg7 4. e4 d6 5. Qd2 h5 6. 0-0-0 c6 7. Nf3 b5 8. Ng5 Qa5 9. Kb1 Nbd7 10. e5 dxe5 11. dxe5 Ng4 12. e6 Nde5 13. exf7+ Nxf7 14. Nxb5 Qxd2 15. Nc7+ Kf8 16. Rxd2 Nxg5 17. Nxa8 Ne6 18. Bc4 Bf6 19. Bxe6 Bxe6 20. h3 g5 21. Nc7 Bf7 22. hxg4 gxf4 23. gxh5 Kg7 24. Re2 Bxh5 25. Ree1 e5 26. Ne6+ Kg6 27. Nc5 f3 28. g3 Rd8 29. Ne4 Be7 30. Rd1 Rd5 31. c4 Rxd1+ 32. Rxd1 Kf5 33. Nc3 Bc5 34. Rh1 Bf7 35. b3 Bxf2 36. Rf1 Bxg3 37. Rxf3+ Bf4 38. Ne2 Ke4 39. Rf1 Ke3 40. Nxf4 exf4 41. Kc1 f3 42. Re1+ Kf4 43. Re7 Bh5 44. Re6 f2 45. Kd2 Kg3 0-1

[Event "Hessen-ch"]
[Site "Frankfurt"]
[Date "2019.06.01"]
[Round "8"]
[White "Arndt, Stefan"]
[Black "Meyner, Hannes"]
[Result "1/2-1/2"]
[WhiteElo "2225"]
[BlackElo "2228"]
[PlyCount "37"]
[EventDate "2019.05.29"]
[EventType "swiss"]
[EventRounds "9"]
[EventCountry "GER"]
[SourceTitle "EXT 2020"]
[Source "ChessBase"]
[SourceDate "2019.10.17"]
[SourceVersion "1"]
[SourceVersionDate "2019.10.17"]
[SourceQuality "1"]

1. e4 c6 2. Nc3 d5 3. Nf3 Nf6 4. e5 Ne4 5. Be2 Bg4 6. Nxe4 dxe4 7. Ng5 Bf5 8. e6 fxe6 9. Bc4 Qd4 10. Qe2 Nd7 11. 0-0 Nc5 12. c3 Qf6 13. d4 exd3 14. Qe3 h6 15. Nf3 Nd7 16. Bxd3 g5 17. Re1 Bg7 18. Bc4 0-0 19. Bxe6+ 1/2-1/2

[Event "Hessen-ch"]
[Site "Frankfurt"]
[Date "2019.05.31"]
[Round "5"]
[White "Henrich, Thomas"]
[Black "Meyner, Hannes"]
[Result "1/2-1/2"]
[WhiteElo "2142"]
[BlackElo "2228"]
[PlyCount "42"]
[EventDate "2019.05.29"]
[EventType "swiss"]
[EventRounds "9"]
[EventCountry "GER"]
[SourceTitle "EXT 2020"]
[Source "ChessBase"]
[SourceDate "2019.10.17"]
[SourceVersion "1"]
[SourceVersionDate "2019.10.17"]
[SourceQuality "1"]

1. e4 c6 2. d4 d5 3. Nc3 dxe4 4. Nxe4 Bf5 5. Ng3 Bg6 6. h4 h6 7. Nf3 e6 8. Ne5 Bh7 9. Bd3 Bxd3 10. Qxd3 Nd7 11. f4 Be7 12. Bd2 Nxe5 13. fxe5 Bxh4 14. 0-0-0 Bxg3 15. Qxg3 Ne7 16. Qxg7 Rg8 17. Qh7 Qd5 18. Kb1 Qxg2 19. Qxh6 Rg6 20. Qe3 Nf5 21. Rh8+ Rg8 1/2-1/2

[Event "Hessen-ch"]
[Site "Frankfurt"]
[Date "2019.05.30"]
[Round "4"]
[White "Meyner, Hannes"]
[Black "Rubsamen, Cornelius"]
[Result "0-1"]
[WhiteElo "2228"]
[BlackElo "2208"]
[PlyCount "82"]
[EventDate "2019.05.29"]
[EventType "swiss"]
[EventRounds "9"]
[EventCountry "GER"]
[SourceTitle "EXT 2020"]
[Source "ChessBase"]
[SourceDate "2019.10.17"]
[SourceVersion "1"]
[SourceVersionDate "2019.10.17"]
[SourceQuality "1"]

1. d4 Nf6 2. Bf4 d6 3. Nc3 g6 4. e4 Bg7 5. Qd2 Nc6 6. 0-0-0 0-0 7. f3 Nd7 8. Bh6 e5 9. d5 Nd4 10. Nge2 Nxe2+ 11. Bxe2 f5 12. h4 f4 13. Bxg7 Kxg7 14. g3 h6 15. Rdg1 Rf7 16. Bf1 Qf6 17. Ne2 Nf8 18. gxf4 exf4 19. Nd4 Bd7 20. Bh3 Bxh3 21. Rxh3 Re8 22. Rh2 Re5 23. Rhg2 Kh7 24. Rg4 h5 25. Rg5 Rxg5 26. Rxg5 Kh8 27. c3 Nh7 28. Rg1 Nf8 29. Qh2 c5 30. dxc6 bxc6 31. Nxc6 Ne6 32. Nb4 Nc7 33. Rg5 Kh7 34. Qf2 Ne6 35. Rd5 Nc5 36. e5 Qe6 37. Qd2 a5 38. Nc2 Rf5 39. Rxd6 Qxa2 40. Nd4 Rxe5 41. Qc2 Qa1+ 0-1

[Event "Hessen-ch"]
[Site "Frankfurt"]
[Date "2019.05.29"]
[Round "2"]
[White "Jakel, Wolfgang"]
[Black "Meyner, Hannes"]
[Result "1-0"]
[WhiteElo "2246"]
[BlackElo "2228"]
[PlyCount "83"]
[EventDate "2019.05.29"]
[EventType "swiss"]
[EventRounds "9"]
[EventCountry "GER"]
[SourceTitle "EXT 2020"]
[Source "ChessBase"]
[SourceDate "2019.10.17"]
[SourceVersion "1"]
[SourceVersionDate "2019.10.17"]
[SourceQuality "1"]

1. c4 e6 2. Nc3 d5 3. e3 Nf6 4. Nf3 Be7 5. b3 b6 6. cxd5 exd5 7. Bb2 0-0 8. Be2 Nbd7 9. Nd4 Nb8 10. Nf3 Re8 11. 0-0 Bb7 12. d4 a6 13. Qc2 Bd6 14. Rfd1 Nbd7 15. Bf1 Qe7 16. Ne2 Ne4 17. Nf4 Nf8 18. Ne5 c5 19. Nf3 Rad8 20. g3 c4 21. bxc4 dxc4 22. d5 Bxf4 23. exf4 c3 24. Bc1 Rxd5 25. Re1 b5 26. Ne5 Nd2 27. Bg2 Qc5 28. Re3 b4 29. Rd3 Rdxe5 30. fxe5 Bxg2 31. Kxg2 Qc6+ 32. f3 Nc4 33. Bf4 Nxe5 34. Re3 Nfg6 35. Bxe5 Rxe5 36. Rae1 Rd5 37. Re8+ Nf8 38. R1e2 Qd7 39. Qe4 Rd4 40. Qa8 Qd6 41. Rxf8+ Qxf8 42. Re8 1-0

[Event "Hessen-ch"]
[Site "Frankfurt"]
[Date "2019.05.29"]
[Round "1"]
[White "Meyner, Hannes"]
[Black "Dubiel, Jacek"]
[Result "0-1"]
[WhiteElo "2228"]
[BlackElo "2428"]
[PlyCount "90"]
[EventDate "2019.05.29"]
[EventType "swiss"]
[EventRounds "9"]
[EventCountry "GER"]
[SourceTitle "EXT 2020"]
[Source "ChessBase"]
[SourceDate "2019.10.17"]
[SourceVersion "1"]
[SourceVersionDate "2019.10.17"]
[SourceQuality "1"]

1. d4 Nf6 2. Bf4 e6 3. e3 d5 4. Nd2 Bd6 5. Bg3 c5 6. Ngf3 0-0 7. c3 b6 8. Bd3 Bb7 9. Qe2 Nc6 10. Rd1 Rc8 11. e4 Be7 12. e5 Nh5 13. a3 a5 14. h4 g6 15. Bh2 cxd4 16. cxd4 f5 17. exf6 Bxf6 18. g4 Nxd4 19. Nxd4 Bxd4 20. Nf3 Nf4 21. Bxf4 Rxf4 22. Nxd4 Rxd4 23. Qxe6+ Kg7 24. Qe5+ Qf6 25. Qxf6+ Kxf6 26. g5+ Kg7 27. Rh3 Re8+ 28. Kf1 Bc8 29. Rg3 Rxh4 30. Kg2 d4 31. Rc1 Bb7+ 32. f3 Re7 33. Rc2 Rf4 34. Rf2 Re3 35. Be2 d3 36. Bd1 Bd5 37. Rd2 Bc4 38. Kf2 Re5 39. Rg1 Bb5 40. Bb3 a4 41. Bd1 Rff5 42. Rg4 Rxg5 43. Rb4 Rh5 44. Kg3 Reg5+ 45. Kf4 Kf6 0-1

[Event "Vellmar op 10th"]
[Site "Vellmar"]
[Date "2018.07.12"]
[Round "1"]
[White "Meyner, Hannes"]
[Black "Arya, Nirag Shah"]
[Result "1-0"]
[WhiteElo "2170"]
[BlackElo "1819"]
[PlyCount "79"]
[EventDate "2018.07.12"]
[EventType "swiss"]
[EventRounds "7"]
[EventCountry "GER"]
[SourceTitle "CBM 185 Extra"]
[Source "ChessBase"]
[SourceDate "2018.07.29"]
[SourceVersion "1"]
[SourceVersionDate "2018.07.29"]
[SourceQuality "1"]

1. d4 d5 2. c4 dxc4 3. Nf3 a6 4. e3 Nf6 5. Bxc4 Nc6 6. 0-0 Bg4 7. Nbd2 e6 8. Be2 Bd6 9. Nc4 0-0 10. b3 Nd5 11. Bb2 a5 12. a3 f5 13. Rc1 Rf6 14. Nce5 Bxe5 15. dxe5 Rf7 16. Qc2 Rd7 17. Rfd1 Bxf3 18. Bxf3 Nce7 19. e4 fxe4 20. Bxe4 g6 21. h4 Qe8 22. h5 Rad8 23. hxg6 Nxg6 24. Bxd5 exd5 25. Qc3 d4 26. Qc4+ Kf8 27. e6 Rd5 28. Qxc7 Qxe6 29. Qxh7 R5d7 30. Qh6+ Kg8 31. Qg5 Rd5 32. Qg3 Qd6 33. Qg4 b5 34. Rd3 Qf6 35. Rg3 R5d6 36. Rc7 Qe6 37. Qh5 Kf8 38. Qh6+ Ke8 39. Rg7 Nf8 40. Qh5+ 1-0

[Event "Hessen-ch"]
[Site "Frankfurt"]
[Date "2018.05.12"]
[Round "7"]
[White "Meyner, Hannes"]
[Black "Lutz, Klaus Juergen"]
[Result "1/2-1/2"]
[WhiteElo "2181"]
[BlackElo "2251"]
[PlyCount "35"]
[EventDate "2018.05.09"]
[EventType "swiss"]
[EventRounds "9"]
[EventCountry "GER"]
[SourceTitle "EXT 2019"]
[Source "ChessBase"]
[SourceDate "2018.10.10"]
[SourceVersion "1"]
[SourceVersionDate "2018.10.10"]
[SourceQuality "1"]

1. d4 d6 2. c4 f5 3. Nc3 Nf6 4. Nf3 g6 5. g3 Bg7 6. Bg2 0-0 7. 0-0 Qe8 8. d5 a5 9. Rb1 Na6 10. b3 Bd7 11. Bb2 Nc5 12. Ne1 Qf7 13. Nd3 Nce4 14. Nxe4 Nxe4 15. Qc1 c6 16. Nf4 g5 17. Bxg7 Qxg7 18. dxc6 1/2-1/2

[Event "Hessen-ch"]
[Site "Frankfurt"]
[Date "2018.05.09"]
[Round "2"]
[White "Meyner, Hannes"]
[Black "Krastev, Alexander"]
[Result "1/2-1/2"]
[WhiteElo "2181"]
[BlackElo "2202"]
[PlyCount "67"]
[EventDate "2018.05.09"]
[EventType "swiss"]
[EventRounds "9"]
[EventCountry "GER"]
[SourceTitle "EXT 2019"]
[Source "ChessBase"]
[SourceDate "2018.10.10"]
[SourceVersion "1"]
[SourceVersionDate "2018.10.10"]
[SourceQuality "1"]

1. d4 Nf6 2. c4 c5 3. d5 g6 4. Nc3 Bg7 5. e4 0-0 6. Bd3 d6 7. h3 e6 8. Nf3 exd5 9. exd5 Re8+ 10. Be3 Nbd7 11. 0-0 a6 12. Bf4 b5 13. cxb5 Nb6 14. Bh2 c4 15. Bc2 Bb7 16. bxa6 Rxa6 17. Nb5 Nbxd5 18. Qd2 Qd7 19. a4 Ne4 20. Bxe4 Rxe4 21. Rfe1 Re6 22. Nfd4 Rxe1+ 23. Rxe1 Rxa4 24. Nxd6 Ra8 25. Nxb7 Qxb7 26. Be5 h6 27. Bxg7 Kxg7 28. Nf3 Ra7 29. Qd4+ Nf6 30. Re2 Qc7 31. Re1 Qd7 32. Qc3 Qd3 33. Ne5 Qxc3 34. bxc3 1/2-1/2

[Event "Heusenstamm Sparkassen op-A 4th"]
[Site "Heusenstamm"]
[Date "2017.11.23"]
[Round "1"]
[White "Meyner, Hannes"]
[Black "Held, Maurice"]
[Result "1-0"]
[WhiteElo "2159"]
[BlackElo "1870"]
[PlyCount "81"]
[EventDate "2017.11.23"]
[EventType "swiss"]
[EventRounds "7"]
[EventCountry "GER"]
[SourceTitle "EXT 2019"]
[Source "ChessBase"]
[SourceDate "2018.10.10"]
[SourceVersion "1"]
[SourceVersionDate "2018.10.10"]
[SourceQuality "1"]

1. d4 g6 2. e4 Bg7 3. Nc3 c6 4. Nf3 d6 5. h3 Nf6 6. a4 a5 7. Be2 Na6 8. 0-0 0-0 9. Be3 Nb4 10. Re1 Qc7 11. Qd2 Bd7 12. Rac1 Rad8 13. Bh6 Rfe8 14. Bxg7 Kxg7 15. e5 Nfd5 16. Ne4 Nb6 17. Qg5 d5 18. Ng3 h6 19. Qf4 Nxa4 20. c3 Na2 21. Ra1 N2xc3 22. bxc3 Nxc3 23. Bd3 b5 24. h4 Rh8 25. h5 Rdf8 26. Nh4 Be6 27. Ngf5+ gxf5 28. Qg3+ Kh7 29. Bxf5+ Bxf5 30. Nxf5 Rhg8 31. Qxc3 Rg5 32. Qd3 Kh8 33. Re3 Rfg8 34. Rg3 Rxg3 35. Nxg3 e6 36. Qd2 Kh7 37. Rxa5 Qb6 38. Ra3 b4 39. Rf3 Rg7 40. Kh2 c5 41. Qc2+ 1-0

[Event "Vellmar op 8th"]
[Site "Vellmar"]
[Date "2016.07.29"]
[Round "2"]
[White "Doerge, Sven"]
[Black "Meyner, Hannes"]
[Result "0-1"]
[WhiteElo "2039"]
[BlackElo "2204"]
[PlyCount "57"]
[EventDate "2016.07.28"]
[EventType "swiss"]
[EventRounds "7"]
[EventCountry "GER"]
[SourceTitle "CBM 173 Extra"]
[Source "ChessBase"]
[SourceDate "2016.08.29"]
[SourceVersion "1"]
[SourceVersionDate "2016.08.29"]
[SourceQuality "1"]

1. e4 c5 2. Nf3 e6 3. d3 d5 4. Be2 Nf6 5. e5 Nfd7 6. c3 Nc6 7. Qa4 a6 8. Qf4 f6 9. exf6 Nxf6 10. Qg5 Be7 11. Qxg7 Rg8 12. Qh6 Rg6 13. Qh4 e5 14. Bg5 Bf5 15. Bxf6 Rxf6 16. Nbd2 e4 17. dxe4 dxe4 18. Ng5 Rg6 19. Ndxe4 Bxg5 20. Nxg5 Qxg5 21. Qxg5 Rxg5 22. 0-0-0 Rxg2 23. Rd2 Rd8 24. Bh5+ Bg6 25. Re2+ Kf8 26. Bf3 Rg5 27. h4 Re5 28. Rxe5 Nxe5 29. Bxb7 0-1

[Event "Hessen-ch Meister"]
[Site "Floersheim"]
[Date "2016.05.07"]
[Round "8"]
[White "Dunsbach, Ralf"]
[Black "Meyner, Hannes"]
[Result "1/2-1/2"]
[WhiteElo "2166"]
[BlackElo "2165"]
[PlyCount "25"]
[EventDate "2016.05.04"]
[EventType "swiss"]
[EventRounds "9"]
[EventCountry "GER"]
[SourceTitle "EXT 2022"]
[Source "ChessBase"]
[SourceDate "2021.10.06"]
[SourceVersion "1"]
[SourceVersionDate "2021.10.06"]
[SourceQuality "1"]

1. c4 e5 2. g3 c6 3. d4 e4 4. Nc3 Bb4 5. Bg2 d5 6. Qa4 Qa5 7. Qxa5 Bxa5 8. Bd2 Bxc3 9. Bxc3 Nf6 10. cxd5 cxd5 11. e3 Nc6 12. Ne2 Bg4 13. h3 1/2-1/2

[Event "Hessen-ch Meister"]
[Site "Floersheim"]
[Date "2016.05.06"]
[Round "6"]
[White "Chandler, Patrick"]
[Black "Meyner, Hannes"]
[Result "0-1"]
[WhiteElo "2154"]
[BlackElo "2165"]
[PlyCount "126"]
[EventDate "2016.05.04"]
[EventType "swiss"]
[EventRounds "9"]
[EventCountry "GER"]
[SourceTitle "EXT 2022"]
[Source "ChessBase"]
[SourceDate "2021.10.06"]
[SourceVersion "1"]
[SourceVersionDate "2021.10.06"]
[SourceQuality "1"]

1. Nf3 d5 2. b4 Qd6 3. a3 e5 4. e3 Be6 5. d4 Nd7 6. Bb2 e4 7. Nfd2 f5 8. c4 Ngf6 9. c5 Qe7 10. Nc3 g6 11. Nb3 Bh6 12. g3 0-0 13. Qd2 Nh5 14. Be2 Ndf6 15. 0-0-0 f4 16. Rde1 fxe3 17. fxe3 c6 18. Kb1 Bg4 19. Rhg1 Ng7 20. Nd1 Bf3 21. h3 Rf7 22. Qc3 Raf8 23. Nd2 Bxe2 24. Rxe2 Qd7 25. g4 Bg5 26. Qb3 Ne6 27. a4 a6 28. Nc3 Bh4 29. Qd1 Ng5 30. Rh1 Ne8 31. Bc1 Ng7 32. Nb3 N7e6 33. Rb2 Rf3 34. b5 axb5 35. axb5 Ra8 36. Nd2 Rxe3 37. Na4 Rf8 38. Nb6 Qg7 39. bxc6 bxc6 40. Qa4 Nxd4 41. Rb4 Nge6 42. Bb2 Rd3 43. Nb3 Rxb3 44. Rxb3 Bf6 45. Bxd4 Nxd4 46. Rb4 Rd8 47. g5 Be5 48. Rd1 Ne2 49. Qxc6 Nc3+ 50. Kc2 Qf7 51. Nc4 Nxd1 52. Nxe5 Qf2+ 53. Kxd1 Qg1+ 54. Kc2 Qh2+ 55. Kb3 Qxe5 56. Rb7 d4 57. Qb6 Qd5+ 58. Kb4 d3 59. c6 Qd6+ 60. Kb5 Qe5+ 61. Kb4 Qd6+ 62. Kb5 d2 63. Qf2 Qd5+ 0-1

[Event "Oberliga Ost-B 1516"]
[Site "Germany"]
[Date "2016.04.09"]
[Round "10.6"]
[White "Goll, Christof"]
[Black "Meyner, Hannes"]
[Result "0-1"]
[WhiteElo "2114"]
[BlackElo "2204"]
[PlyCount "84"]
[EventDate "2015.09.20"]
[EventType "team-tourn"]
[EventRounds "11"]
[EventCountry "GER"]
[SourceTitle "EXT 2017"]
[Source "ChessBase"]
[SourceDate "2016.10.25"]
[SourceVersion "1"]
[SourceVersionDate "2016.10.25"]
[SourceQuality "1"]
[WhiteTeam "Nied"]
[BlackTeam "Kassel"]
[WhiteTeamCountry "GER"]
[BlackTeamCountry "GER"]

1. d4 Nf6 2. Bf4 d5 3. e3 c5 4. c3 Nc6 5. Nd2 cxd4 6. exd4 Bf5 7. Qb3 Na5 8. Qa4+ Bd7 9. Bb5 Qb6 10. Bxd7+ Nxd7 11. Ngf3 Nc6 12. Qb3 e6 13. 0-0 Be7 14. Rfe1 0-0 15. h3 Rac8 16. Rab1 Rfe8 17. Qd1 Qd8 18. Qe2 Na5 19. Ne5 Nxe5 20. Bxe5 Nc4 21. Nxc4 Rxc4 22. Qg4 Bf6 23. Re3 Bxe5 24. Rxe5 b5 25. a3 a5 26. Rbe1 b4 27. axb4 axb4 28. R1e3 Qd6 29. Rg5 Qf8 30. Rg3 g6 31. h4 e5 32. Qf3 bxc3 33. bxc3 exd4 34. Qxd5 Re1+ 35. Kh2 Qc8 36. cxd4 Rcc1 37. Rxg6+ hxg6 38. Rxg6+ Kf8 39. Qd6+ Re7 40. Rg3 Rc6 41. Qf4 Qc7 42. Qf3 Rg6 0-1

[Event "CP-2016-S-00002"]
[Site "LSS email"]
[Date "2016.03.06"]
[Round "?"]
[White "Meyner, Hannes"]
[Black "Roberts, Anthony"]
[Result "0-1"]
[WhiteElo "2631"]
[BlackElo "2344"]
[PlyCount "42"]
[EventDate "2016.03.10"]
[EventType "tourn (corr)"]
[EventRounds "7"]
[EventCountry "GER"]
[SourceTitle "Corr 2022"]
[Source "ChessBase"]
[SourceDate "2021.10.24"]
[SourceVersion "1"]
[SourceVersionDate "2021.10.24"]
[SourceQuality "1"]

1. d4 Nf6 2. c4 e6 3. Nc3 Bb4 4. f3 d5 5. a3 Bxc3+ 6. bxc3 c5 7. cxd5 exd5 8. e3 c4 9. Ne2 0-0 10. g4 Nc6 11. Bg2 Na5 12. 0-0 h6 13. Rb1 Nb3 14. Qc2 Re8 15. Ng3 Be6 16. Qf2 Qc7 17. h3 Nd7 18. e4 f6 19. Be3 Qa5 20. Qc2 Bf7 21. h4 Qc7 0-1

[Event "Oberliga Ost-B 1516"]
[Site "Germany"]
[Date "2016.02.21"]
[Round "8.6"]
[White "Boehmer, Christian"]
[Black "Meyner, Hannes"]
[Result "1-0"]
[WhiteElo "2208"]
[BlackElo "2204"]
[PlyCount "81"]
[EventDate "2015.09.20"]
[EventType "team-tourn"]
[EventRounds "11"]
[EventCountry "GER"]
[SourceTitle "EXT 2017"]
[Source "ChessBase"]
[SourceDate "2016.10.25"]
[SourceVersion "1"]
[SourceVersionDate "2016.10.25"]
[SourceQuality "1"]
[WhiteTeam "Moerlenbach"]
[BlackTeam "Kassel"]
[WhiteTeamCountry "GER"]
[BlackTeamCountry "GER"]

1. c4 e6 2. Nf3 d5 3. e3 Nf6 4. b3 Be7 5. Bb2 Nbd7 6. Qc2 0-0 7. Nc3 b6 8. Be2 Bb7 9. d3 c5 10. 0-0 Re8 11. Rac1 Rc8 12. Rfd1 Bd6 13. Nb1 Qe7 14. Nbd2 Bb8 15. Qb1 e5 16. cxd5 Bxd5 17. Qa1 e4 18. dxe4 Nxe4 19. Nxe4 Bxe4 20. Bxg7 Bxf3 21. Bxf3 Ne5 22. Bxe5 Bxe5 23. Qb1 Kh8 24. Qf5 Rcd8 25. g3 Bb2 26. Rxd8 Rxd8 27. Rc4 Qf6 28. Qh5 Qg6 29. Qh4 Qf6 30. Qe4 Qe6 31. Qc2 Bf6 32. Kg2 Qe5 33. Rf4 Qg5 34. Rf5 Qg7 35. Qe4 Bb2 36. Qe7 Qf8 37. Qxa7 f6 38. Rh5 Qg7 39. Qxb6 Rc8 40. Be4 h6 41. Qe6 1-0

[Event "Oberliga Ost-B 1516"]
[Site "Germany"]
[Date "2016.02.20"]
[Round "9.7"]
[White "Wichmann, Daniel"]
[Black "Meyner, Hannes"]
[Result "0-1"]
[WhiteElo "2199"]
[BlackElo "2204"]
[PlyCount "52"]
[EventDate "2015.09.20"]
[EventType "team-tourn"]
[EventRounds "11"]
[EventCountry "GER"]
[SourceTitle "EXT 2017"]
[Source "ChessBase"]
[SourceDate "2016.10.25"]
[SourceVersion "1"]
[SourceVersionDate "2016.10.25"]
[SourceQuality "1"]
[WhiteTeam "Wiesbaden"]
[BlackTeam "Kassel"]
[WhiteTeamCountry "GER"]
[BlackTeamCountry "GER"]

1. e4 c5 2. c3 Nf6 3. d3 Nc6 4. f4 d5 5. e5 Nd7 6. Nf3 e6 7. Be2 f6 8. exf6 Qxf6 9. 0-0 Bd6 10. Ne5 0-0 11. g3 Qe7 12. Nxc6 bxc6 13. Nd2 e5 14. fxe5 Rxf1+ 15. Nxf1 Nxe5 16. d4 Nf7 17. Be3 Bh3 18. Qd2 Re8 19. Re1 cxd4 20. Bxd4 Qe4 21. Ne3 c5 22. Bd3 Qf3 23. Nc2 Rf8 24. Be3 Ne5 25. Ba6 c4 26. Qe2 Qxe2 0-1